AH International Schools' Libraries

Psychology for Beginners / (Record no. 48240)

MARC details
000 -LEADER
fixed length control field 00357nam a2200109 4500
020 ## - INTERNATIONAL STANDARD BOOK NUMBER
International Standard Book Number 9781474979900
100 ## - MAIN ENTRY--PERSONAL NAME
Personal name Bryan, Lara,
Relator term author.
9 (RLIN) 82801
245 ## - TITLE STATEMENT
Title Psychology for Beginners /
Statement of responsibility, etc written byLaro Bryan. Illustrated by Tim Bradford.
260 ## - PUBLICATION, DISTRIBUTION, ETC. (IMPRINT)
Place of publication, distribution, etc London, England :
Name of publisher, distributor, etc Usborne ;
Date of publication, distribution, etc 2022.
300 ## - PHYSICAL DESCRIPTION
Extent 128 pages.
Dimensions 0.71 x 7.8 x 9.65 inches.
942 ## - ADDED ENTRY ELEMENTS (KOHA)
Source of classification or shelving scheme
Koha item type Book
Holdings
Withdrawn status Lost status Source of classification or shelving scheme Damaged status Not for loan Home library Current library Date acquired Total Checkouts Full call number Barcode Date last seen Date checked out Price effective from Koha item type
          Logos International School Logos International School 01/28/2025 11 J 150 BRY 040295 04/03/2026 03/27/2026 01/28/2025 Book

For any Logos Library related questions please contact Miss Art at swongnarasuk@asianhope.org.

For any Asian Hope Library related questions please contact Miss Raza at graza@asianhope.org.

Click here to explore our ebooks!

Powered by Koha